00000000nam 2200000zi 4500
0019.902766
003CaOODSP
00520240501092932
006m     o  d f      
007cr |n|||||||||
008210823e200608##onc     o    f000 0 fre d
040 |aCaOODSP|bfre|erda|cCaOODSP
043 |an-cn---
0861 |aPS84-162/2006F-PDF
24500|aRéponse et plan d'action du service correctionnel du Canada : |brecommandations tirées des rapports sur l'inspection de l'établissement Grand Valley pour femmes effectuée par le Bureau d'inspection des prisons de Sa Majesté en Angleterre et au Pays de Galles.
24634|aRéponse et plan d’action du SCC suite à l’inspection des établissements Nova pour femmes et Grand Valley pour femmes par le Bureau d’inspection des prisons de Sa Majesté
264 1|a[Ottawa] : |bService correctionnel Canada = Correctional Service Canada, |caoût 2006.
300 |a1 ressource en ligne (12 pages)
336 |atexte|btxt|2rdacontent/fre
337 |ainformatique|bc|2rdamedia/fre
338 |aressource en ligne|bcr|2rdacarrier/fre
500 |aPublié aussi en anglais sous le titre : Correctional Service Canada response and action plan : recommendations from inspection report on Nova Institution for Women and Grand Valley Institution for Women by Her Majesty's Inspectorate of Prisons for England and Wales (June 2006).
520 |a« Des pratiques et des procédures, dont une séance d’orientation et un guide détaillé à l’intention des détenues, ont été mises en place dans les établissements pour femmes afin d’aider les nouvelles détenues à se familiariser avec le milieu carcéral. Durant sa première journée/nuit à l’établissement, la détenue a accès à des membres du personnel, qui peuvent répondre à ses questions ou préoccupations, y compris durant les patrouilles dans les unités résidentielles » -- Page 1.
61026|aÉtablissement Nova pour femmes.
61026|aÉtablissement Grand Valley pour femmes.
650 6|aÉtablissements de correction|zCanada|xPlanification.
650 6|aRecherche-action|zCanada.
7102 |aService correctionnel Canada, |eorganisme de publication.
77508|tCorrectional Service Canada response and action plan : |w(CaOODSP)9.892975
85640|qPDF|s429 Ko|uhttps://publications.gc.ca/collections/collection_2021/scc-csc/PS84-162-2006-fra.pdf